Responses for show #6439 - Thursday, September 20, 2012

Contestants

Erin Zwiener, a conservation journalist and pet-sitter from Abiquiu, New Mexico

Jim Walke, a project manager from Greenville, South Carolina

Penny Citrola, an English language tutor originally from East Meadow, New York (whose 2-day cash winnings total $26,800)

Jeopardy! Round responses

THE WORLD ALMANAC NO. 1
BIBLICAL SPEAKERS BUREAU
BASEBALL STADIUMS
SEPTEMBER HOLIDAYS & OBSERVANCES
DUAL BIOGRAPHIES
THAT'S IN CREDIBLE!
(Alex: As a matter of fact, each correct response will be a word that can be made of the letters in the word "credible".)
    $200 9
Facebook

Penny
    $200 14
Eve

Erin!
    $200 1
Yankee Stadium

Penny
    $200 20
Edinburgh

Erin!
    $200 26
Woodward & Bernstein

Penny
    $200 4
bleed

Erin!
    $400 10
(Erin!: What is the F-150?)
(Jim: What is the Ranger?)
...
(Alex: Erin!, you added a little bit of information. It's [*], but not just the 150. There's the 250, the 350, and on and on.)

the "F" Series

JimErin!
Triple Stumper
    $400 15
Pontius Pilate

Erin!
    $400 2
Fenway

Jim
    $400 21
the Constitution

Erin!
    $400 27
Lindbergh

Erin!
    $400 5
breed

Erin!
    $600 11
Canada & the U.S.

Erin!
    $2,200 16
(Alex: [*] is right, yes. Trying to slip one over on dad.)

Jacob

Erin!
    $600 3
(Alex: They both played in [*], the Dodgers and the Angels.)

Dodger Stadium

Triple Stumper
    $600 23
M.I.A.

Erin!
    $600 30
Joe Kennedy

Jim
    $600 6
lie

Jim
    $800 12
Brazil

Erin!
    $800 17
(Alex: [*], correct, yes, making that big decision.)

Solomon

Penny
    $800 18
(Alex: That would be in St. Louis, and that is [*].)

Busch Stadium

Triple Stumper
    $800 24
literacy

Jim
    $800 29
Davis & Lincoln

Erin!
    $800 7
dice

Penny
    $1000 13
a roller coaster

Erin!
    $1000 22
Simon Peter

Erin!
    $1000 19
Turner Field

Penny
    $1000 25
(Alex: Less than a minute to go now.)

assisted living

Penny
    $1000 28
Pat Garrett

Triple Stumper
    $1000 8
relic

Erin!

Scores at the first commercial break (after clue 15):

Penny Jim Erin!
$1,200 $600 $4,200

Scores at the end of the Jeopardy! Round:

Penny Jim Erin!
$4,200 $2,000 $9,800

Double Jeopardy! Round responses

ICE, ICE BABY
THE CRITICS SAY
WHAT THE "H"?
LET'S GET TOGETHER
HOW DOES SUNDAY MORNING SOUND?
WORKS FOR ME
    $400 11
an ice shelf

Penny
    $400 19
Hemingway

Jim
    $400 9
Housing

Erin!
    $400 24
Jennifer Aniston

Penny
    $400 6
Dublin

Erin!
    $800 1
heat

Erin!
    $800 20
Virginia Woolf

Triple Stumper
    $800 12
Human

Erin!
    $800 25
Reese Witherspoon

Penny
    $800 7
Cockney

Jim
    $1200 18
a hexagon

Penny
    $1200 21
(Erin!: What is an albatross?)

an ostrich

JimErin!
    $3,000 2
Health

Erin!
    $1200 26
(Alex: She's the latest with [*].)

George Clooney

Triple Stumper
    $1200 8
the Spanish Steps

Penny
    $1200 3
provost

Erin!
    $1600 17
(Linus) Pauling

Erin!
    $1600 22
(Alex: You are right, with less than a minute to go.)

George Bernard Shaw

Jim
    $1600 13
Herbert

Triple Stumper
    $1600 27
[The end-of-round signal sounds.]

Katherine Heigl

Penny
    $2,200 10
(Erin!: What is the Franklin Cathedral?)

the National Cathedral (in Washington, D.C.)

Erin!
    $1600 4
sous-chef

Erin!
    $2000 16
the hydrogen bond

Triple Stumper
    $2000 23
Ambrose Bierce

Erin!
    $2000 14
Hyper

Erin!
    $2000 15
(Jim: What is Ulm?)
(Erin!: What is Frankfurt?)

Cologne

JimErin!
Triple Stumper
    $2000 5
Transportation

Triple Stumper

Scores at the end of the Double Jeopardy! Round:

Penny Jim Erin!
$9,800 $4,000 $18,200

[wagering suggestions for these scores]

Final Jeopardy! Round responses

8-LETTER WORDS
(Alex: If you could have thought geographically, instead of just linguistically, on this clue, you might have been helped considerably.)
JimWhat is ?
$3,500
PennyWhat is liberate?
$9,800
Erin!What out of the box
$2,000
latitude

Final scores:

Penny Jim Erin!
$0 $500 $16,200
3rd place: $1,000 2nd place: $2,000 New champion: $16,200

Game dynamics:

Coryat scores:

Penny Jim Erin!
$9,800 $4,000 $17,000
13 R,
0 W
8 R,
2 W
25 R
(including 2 DDs),
4 W
(including 1 DD)

Combined Coryat: $30,800

The J! Archive is created by fans, for fans. The Jeopardy! game show and all elements thereof, including but not limited to copyright and trademark thereto, are the property of Jeopardy Productions, Inc. and are protected under law. This website is not affiliated with, sponsored by, or operated by Jeopardy Productions, Inc. Join the discussion at JBoard.tv.